000 01404nam a2200253Ia 4500
999 _c40937
_d40937
001 7584
003 GE_BSU
005 20231227113509.0
008 181216s2013||||ge |||||||||||||| ||geo||
020 _a9789941434389
040 _cGE_BSU
041 _ageo
080 _a811.353.1'282 ნ-90
100 _aნოღაიდელი, ნანული
_95107
245 _aლექსიკური ძიებანი :
_bაჭარული დიალექტის ლექსიკური მასალების მიხედვით /
_cნანული ნოღაიდელი ; რედ. შუშანა ფუტკარაძე.
264 _aბათუმი :
_bუნ-ტის გამ-ბა და სტ.,
_c2013.
300 _a270 გვ. ;
_c20 სმ.
541 _h4ლ.62თ.
653 _aაჭარული დიალექტის ლექსიკური მასალების მიხედვით
653 _aლექსიკური ძიებანი
700 _aფუტკარაძე, შუშანა
_eრედაქტორი
_91978
710 _aბათუმის შოთა რუსთაველის სახელმწიფო უნივერსიტეტი
_bნიკო ბერძენიშვილის ინსტიტუტი
_920911
942 _cBK
_2udc